[Event "DEM U14 2014"]
[Site "Magdeburg GER"]
[Date "2014.06.10"]
[Round "5"]
[White "Alekhanov, Jannis"]
[Black "Schnabel, Bennett"]
[Result "0-1"]
[Termination "normal"]
[Board "18"]
[WhiteElo "1801"]
[BlackElo "1715"]
[PlyCount "100"]
[WhiteFideId "12921238"]
[BlackFideId "12943290"]
[EventCountry "GER"]
[EventRounds "9"]
[EventType "swiss"]
[EventDate "2014.06.07"]

1. e4 c5 2. Nf3 Nc6 3. d4 cxd4 4. Nxd4 g6 5. c4 Bg7 6. Be3 Nf6 7. Nc3 Ng4 8.
Qxg4 Nxd4 9. Qd1 Nc6 10. Be2 O-O 11. O-O d6 12. Qd2 Be6 13. Rfc1 Qd7 14. Rab1
Rfc8 15. b3 Ne5 16. f3 h5 17. Bf1 Kh7 18. Nd5 b6 19. Rc2 Rh8 20. Qf2 Kg8 21.
Rd1 Qb7 22. h3 Rc8 23. f4 Nc6 24. f5 gxf5 25. exf5 Bxd5 26. cxd5 Ne5 27. Rxc8+
Qxc8 28. Rc1 Qd7 29. Ba6 Kh7 30. Bd4 Rg8 31. Be2 Bh6 32. Rf1 Qb7 33. Bxe5 dxe5
34. f6 Bf4 35. Bd3+ Kh6 36. Qf3 exf6 37. Be2 Rg5 38. h4 Rg4 39. Qd3 Rg6 40. Bf3
Qd7 41. Be4 Rg3 42. Rf3 Rxf3 43. gxf3 Qh3 44. Qe2 Qg3+ 45. Kf1 Qh3+ 46. Kg1 f5
47. Qg2 Be3+ 48. Kf1 Qxg2+ 49. Kxg2 fxe4 50. fxe4 Bc5 0-1

[Event "DEM U14 2014"]
[Site "Magdeburg GER"]
[Date "2014.06.10"]
[Round "5"]
[White "Dallinger, Moritz"]
[Black "Abdurakhimov, Peter"]
[Result "0-1"]
[Termination "normal"]
[Board "19"]
[WhiteElo "1544"]
[BlackElo "1784"]
[PlyCount "60"]
[WhiteFideId "12910864"]
[BlackFideId "12979694"]
[EventCountry "GER"]
[EventRounds "9"]
[EventType "swiss"]
[EventDate "2014.06.07"]

1. e4 c5 2. Nf3 e6 3. d4 cxd4 4. Nxd4 a6 5. Nc3 b5 6. Bd3 Qb6 7. Be3 Bc5 8. Be2
Nc6 9. Nxc6 Bxe3 10. Nd4 Bxd4 11. Bf3 Bb7 12. O-O Ne7 13. Ne2 Bxb2 14. Rb1 Bf6
15. c4 O-O 16. e5 Bxf3 17. gxf3 Bxe5 18. Qxd7 Qd6 19. Qb7 Rfb8 20. Qe4 Bxh2+
21. Kg2 Be5 22. cxb5 Qd5 23. Qe3 Nf5 24. Qg5 h6 25. Qg4 axb5 26. Rh1 Rxa2 27.
Rbd1 Rxe2 28. Rxd5 Ne3+ 29. Kh3 Nxg4 30. Rc5 Nxf2+ 0-1

[Event "DEM U14 2014"]
[Site "Magdeburg GER"]
[Date "2014.06.10"]
[Round "5"]
[White "Killgus, Leonard"]
[Black "Muckle, Julius"]
[Result "0-1"]
[Termination "normal"]
[Board "20"]
[WhiteElo "1732"]
[BlackElo "1938"]
[PlyCount "106"]
[WhiteFideId "12922021"]
[BlackFideId "12942430"]
[EventCountry "GER"]
[EventRounds "9"]
[EventType "swiss"]
[EventDate "2014.06.07"]

1. e4 e6 2. d4 d5 3. Nd2 dxe4 4. Nxe4 Bd7 5. Nf3 Bc6 6. Ned2 Nd7 7. Bd3 Ngf6 8.
Qe2 Nd5 9. O-O Nf4 10. Qe3 Nxd3 11. Qxd3 Be7 12. Qe2 Nf6 13. c4 O-O 14. b3 b6
15. Bb2 Bb7 16. Rfd1 c6 17. Ne5 Qc7 18. a3 Rad8 19. Ndf3 Nd7 20. Nxd7 Rxd7 21.
Ne5 Rd6 22. Rac1 Rfd8 23. Rd3 f6 24. Nf3 c5 25. Rcd1 Qd7 26. R3d2 Qc8 27. dxc5
Bxf3 28. gxf3 Qxc5 29. Rxd6 Rxd6 30. Rxd6 Qxd6 31. b4 Kf7 32. Qe3 Qd1+ 33. Kg2
Qb1 34. Bc1 Qc2 35. Qf4 g5 36. Qd2 Qxc4 37. Bb2 Qd5 38. Qc2 f5 39. Qc3 g4 40.
Kg3 Qxf3+ 41. Qxf3 gxf3 42. Kxf3 Bf6 43. Bc1 b5 44. Ke3 e5 45. Bb2 Ke6 46. f3
Kd5 47. Kd2 Bg5+ 48. Kd3 a6 49. h3 Bf4 50. h4 h5 51. Bc3 Bg3 52. Bd2 Bxh4 53.
Bc3 Bg3 0-1

[Event "DEM U14 2014"]
[Site "Magdeburg GER"]
[Date "2014.06.10"]
[Round "5"]
[White "Hofmann, Rares"]
[Black "Jurga, Jonas Vincent"]
[Result "1-0"]
[Termination "normal"]
[Board "21"]
[WhiteElo "1890"]
[BlackElo "1722"]
[PlyCount "75"]
[WhiteFideId "12976440"]
[BlackFideId "12968013"]
[EventCountry "GER"]
[EventRounds "9"]
[EventType "swiss"]
[EventDate "2014.06.07"]

1. e4 c5 2. Nf3 d6 3. d4 cxd4 4. Nxd4 Nf6 5. Nc3 a6 6. Bc4 e5 7. Nf5 Bxf5 8.
exf5 Be7 9. Be3 Nbd7 10. Qf3 Nb6 11. Bb3 Qc7 12. O-O-O Rf8 13. Bxb6 Qxb6 14.
Ba4+ Kd8 15. Rhe1 Kc7 16. g4 Kb8 17. Kb1 Ka7 18. g5 Ng8 19. Nd5 Qa5 20. Qe3+
Qc5 21. Qxc5+ dxc5 22. Nxe7 Nxe7 23. Rxe5 Rad8 24. Rxd8 Rxd8 25. c4 Nc8 26.
Rxc5 Kb6 27. Re5 Rd4 28. Bb3 Rg4 29. c5+ Kc7 30. f6 gxf6 31. gxf6 Rf4 32. Rh5
Rxf6 33. Rxh7 Rxf2 34. Bxf7 Ne7 35. Be6 Kd8 36. Rh8+ Kc7 37. Re8 Rxh2 38. Rxe7+
1-0

[Event "DEM U14 2014"]
[Site "Magdeburg GER"]
[Date "2014.06.10"]
[Round "5"]
[White "Visvikis, Christos"]
[Black "Lai Hop, Long"]
[Result "0-1"]
[Termination "normal"]
[Board "22"]
[WhiteElo "1723"]
[BlackElo "1660"]
[PlyCount "86"]
[WhiteFideId "12967955"]
[BlackFideId "12942707"]
[EventCountry "GER"]
[EventRounds "9"]
[EventType "swiss"]
[EventDate "2014.06.07"]

1. e4 c5 2. Nf3 d6 3. Bb5+ Bd7 4. Bxd7+ Qxd7 5. O-O Nc6 6. c3 Nf6 7. Re1 e6 8.
d4 cxd4 9. cxd4 d5 10. e5 Ne4 11. Nbd2 Nxd2 12. Bxd2 Be7 13. a3 O-O 14. Bc3 a6
15. Nd2 b5 16. f4 a5 17. Nf3 b4 18. axb4 axb4 19. Bd2 Qb7 20. Rxa8 Rxa8 21. Qc2
b3 22. Qd3 Na5 23. Ra1 Nc4 24. Rxa8+ Qxa8 25. Qxb3 Qa1+ 26. Kf2 Qxb2 27. Qxb2
Nxb2 28. g4 Kf8 29. Ke2 Ke8 30. h4 Nc4 31. Bc3 Kd7 32. Ng5 Bxg5 33. hxg5 g6 34.
Bb4 Nb6 35. Kd3 Kc6 36. Bd2 Nc4 37. Bc3 Kb5 38. Be1 Ka4 39. Bc3 Kb3 40. Ba1
Nb2+ 41. Ke3 Ka2 42. Bxb2 Kxb2 43. f5 Kc3 0-1

[Event "DEM U14 2014"]
[Site "Magdeburg GER"]
[Date "2014.06.10"]
[Round "5"]
[White "Nguyen, Anh Van"]
[Black "Amler, Nick"]
[Result "0-1"]
[Termination "normal"]
[Board "23"]
[WhiteElo "1610"]
[BlackElo "1414"]
[PlyCount "68"]
[WhiteFideId "12908223"]
[BlackFideId "12930539"]
[EventCountry "GER"]
[EventRounds "9"]
[EventType "swiss"]
[EventDate "2014.06.07"]

1. e4 e5 2. Nf3 Nc6 3. d4 exd4 4. Nxd4 Nf6 5. Nc3 Bb4 6. Nxc6 bxc6 7. Bd3 O-O
8. O-O d5 9. exd5 cxd5 10. Bg5 c6 11. Na4 Rb8 12. c3 Be7 13. Be3 Qc7 14. h3 Bd7
15. b4 a5 16. Bb6 Rxb6 17. Nxb6 Qxb6 18. Re1 Bd6 19. Qb3 axb4 20. Rab1 c5 21.
cxb4 c4 22. Bxc4 dxc4 23. Qxc4 Ra8 24. Rbd1 Bg3 25. Kh1 Bb5 26. Qb3 Bxf2 27.
Re7 Rf8 28. a4 Bc6 29. a5 Qb5 30. Qc2 Bg3 31. Qb1 Nd5 32. Ree1 Bxe1 33. Rxe1
Qxb4 34. Qa1 Nf4 0-1

[Event "DEM U14 2014"]
[Site "Magdeburg GER"]
[Date "2014.06.10"]
[Round "5"]
[White "Bureik, Nicolas"]
[Black "Schamber, Dennis"]
[Result "1-0"]
[Termination "normal"]
[Board "24"]
[WhiteElo "1513"]
[BlackElo "1560"]
[PlyCount "57"]
[WhiteFideId "12971863"]
[BlackFideId "12952176"]
[EventCountry "GER"]
[EventRounds "9"]
[EventType "swiss"]
[EventDate "2014.06.07"]

1. d4 d5 2. c4 e6 3. Nc3 Nf6 4. cxd5 exd5 5. Bg5 Nbd7 6. e3 c6 7. Bd3 Bb4 8.
Qc2 O-O 9. Nf3 h6 10. Bh4 Qc7 11. O-O a5 12. a3 Bd6 13. Rab1 b6 14. Rfc1 Ba6
15. Bxa6 Rxa6 16. Nb5 cxb5 17. Qxc7 Bxc7 18. Rxc7 Raa8 19. Rbc1 Rfe8 20. Kf1
Kf8 21. Bxf6 Nxf6 22. Ne5 Kg8 23. Rxf7 Ne4 24. Rcc7 Rxe5 25. dxe5 Nd2+ 26. Ke2
Nc4 27. e6 Nxb2 28. Rxg7+ Kf8 29. Rcf7+ 1-0

[Event "DEM U14 2014"]
[Site "Magdeburg GER"]
[Date "2014.06.11"]
[Round "6"]
[White "Kololli, Kevin"]
[Black "Schmidek, Emil"]
[Result "1/2-1/2"]
[Termination "normal"]
[Board "1"]
[WhiteElo "2030"]
[BlackElo "2038"]
[WhiteClock "01:37:11"]
[BlackClock "00:24:05"]
[PlyCount "155"]
[WhiteFideId "12936863"]
[BlackFideId "12908150"]
[EventCountry "GER"]
[EventRounds "9"]
[EventType "swiss"]
[EventDate "2014.06.07"]

1. e4 e5 2. Nf3 Nc6 3. Bc4 Nf6 4. d4 exd4 5. O-O Bc5 6. e5 d5 7. exf6 dxc4 8.
fxg7 Rg8 9. Bg5 Be7 10. Bxe7 Kxe7 11. Re1+ Be6 12. Re4 d3 13. Nbd2 Rxg7 14.
Nxc4 dxc2 15. Qxc2 Kf8 16. Rd1 Qf6 17. Nfe5 Kg8 18. Nxc6 bxc6 19. Ne3 Bd5 20.
Nxd5 cxd5 21. Rxd5 Kh8 22. g3 Rd8 23. Rxd8+ Qxd8 24. Qc6 Rg8 25. Kg2 Qd6 26.
Qxd6 cxd6 27. Re7 Rb8 28. b3 a5 29. Rxf7 Rb5 30. Rd7 Rd5 31. Kf3 Rd2 32. Ke3
Rxa2 33. Rxd6 Rb2 34. Rd3 Kg7 35. h4 Kf6 36. f3 Ke5 37. f4+ Ke6 38. Kd4 a4 39.
bxa4 Rb4+ 40. Ke3 Rxa4 41. Rb3 Kf5 42. Kf3 h5 43. Rb5+ Kg6 44. Rg5+ Kh6 45. Re5
Kg6 46. Re6+ Kf7 47. Rh6 Ra3+ 48. Kg2 Ra2+ 49. Kh3 Ra5 50. Rb6 Ra3 51. Rc6 Rb3
52. Ra6 Rc3 53. Rd6 Ra3 54. Kg2 Rb3 55. Rd5 Kg6 56. Rg5+ Kh6 57. Kf2 Ra3 58. f5
Ra6 59. Kf3 Ra3+ 60. Ke4 Ra4+ 61. Kd5 Ra5+ 62. Kc4 Ra6 63. Rg8 Kh7 64. Rd8 Ra5
65. Rd5 Ra4+ 66. Kc5 Ra3 67. Rd7+ Kh6 68. Kd6 Rd3+ 69. Ke7 Re3+ 70. Kf8 Re8+
71. Kf7 Rf8+ 72. Ke7 Rxf5 73. Rd3 Kg7 74. Re3 Kg6 75. Kd6 Ra5 76. Re5 Ra3 77.
Rg5+ Kh6 78. Ke6 1/2-1/2

[Event "DEM U14 2014"]
[Site "Magdeburg GER"]
[Date "2014.06.11"]
[Round "6"]
[White "Ovsepyan, Arshak"]
[Black "Schröder, Kevin"]
[Result "0-1"]
[Termination "normal"]
[Board "2"]
[WhiteElo "2013"]
[BlackElo "2178"]
[WhiteClock "00:01:50"]
[BlackClock "00:21:15"]
[PlyCount "74"]
[WhiteFideId "24690236"]
[BlackFideId "12929840"]
[EventCountry "GER"]
[EventRounds "9"]
[EventType "swiss"]
[EventDate "2014.06.07"]

1. d4 d5 2. c4 Nc6 3. e3 e5 4. Nf3 exd4 5. exd4 Nf6 6. c5 Bg4 7. Bb5 Be7 8. Qa4
Bd7 9. Bxc6 Bxc6 10. Qb3 O-O 11. Ne5 Nd7 12. Nxc6 bxc6 13. O-O Qb8 14. Qc3 Qb7
15. Na3 Rab8 16. Nc2 Rfe8 17. b3 Nf8 18. Bf4 Ng6 19. Bg3 f5 20. f4 Bf6 21. Rae1
Qa6 22. a3 Re4 23. b4 Rbe8 24. Rf3 Rxe1+ 25. Bxe1 Re4 26. g3 Qe2 27. Bf2 Qd1+
28. Kg2 Re2 29. Ne3 Qb1 30. Nf1 Qe4 31. Kg1 Rxf2 32. Rxf2 Bxd4 33. Qd2 Nf8 34.
h4 Nd7 35. Kh2 Bxf2 36. Qxf2 Nf6 37. Ne3 Qxe3 0-1

[Event "DEM U14 2014"]
[Site "Magdeburg GER"]
[Date "2014.06.11"]
[Round "6"]
[White "Kitze, Alexander"]
[Black "Vogel, Roven"]
[Result "1/2-1/2"]
[Termination "normal"]
[Board "3"]
[WhiteElo "2058"]
[BlackElo "2270"]
[WhiteClock "00:06:14"]
[BlackClock "00:20:46"]
[PlyCount "59"]
[WhiteFideId "12914827"]
[BlackFideId "12908088"]
[EventCountry "GER"]
[EventRounds "9"]
[EventType "swiss"]
[EventDate "2014.06.07"]

1. e4 e6 2. d4 d5 3. Nc3 Nf6 4. e5 Nfd7 5. f4 c5 6. Nf3 Nc6 7. Be3 Be7 8. Qd2
O-O 9. dxc5 Bxc5 10. Bxc5 Nxc5 11. O-O-O Qa5 12. h4 Bd7 13. Rh3 b5 14. f5 exf5
15. Rg3 Ne7 16. h5 Ne6 17. Nxd5 Qxd2+ 18. Rxd2 Nxd5 19. Rxd5 Bc6 20. Rd6 Rac8
21. Nd4 Be4 22. c3 Nxd4 23. Rxd4 Rc5 24. e6 fxe6 25. Rd7 Rf7 26. Rd8+ Rf8 27.
Rd7 Rf7 28. Rd8+ Rf8 29. Rd7 Rf7 30. Rd8+ 1/2-1/2

[Event "DEM U14 2014"]
[Site "Magdeburg GER"]
[Date "2014.06.11"]
[Round "6"]
[White "Kololli, Martin"]
[Black "Pallas, Sebastian"]
[Result "1/2-1/2"]
[Termination "normal"]
[Board "4"]
[WhiteElo "2056"]
[BlackElo "2004"]
[WhiteClock "00:17:39"]
[BlackClock "00:19:47"]
[PlyCount "45"]
[WhiteFideId "12936910"]
[BlackFideId "12905453"]
[EventCountry "GER"]
[EventRounds "9"]
[EventType "swiss"]
[EventDate "2014.06.07"]

1. e4 c5 2. c3 Nf6 3. e5 Nd5 4. d4 cxd4 5. Nf3 e6 6. cxd4 d6 7. a3 Bd7 8. Bd3
Bc6 9. O-O Nd7 10. b4 a6 11. Re1 dxe5 12. dxe5 g6 13. Bg5 Qc7 14. Nbd2 Bg7 15.
Nc4 O-O 16. Rc1 h6 17. Bd2 N5b6 18. Nxb6 Nxb6 19. Be4 Nd5 20. Bxd5 exd5 21. Bc3
Rfe8 22. Bd4 Qd7 23. Qd2 1/2-1/2

[Event "DEM U14 2014"]
[Site "Magdeburg GER"]
[Date "2014.06.11"]
[Round "6"]
[White "Greßmann, Moritz"]
[Black "Buckels, Valentin"]
[Result "0-1"]
[Termination "normal"]
[Board "5"]
[WhiteElo "1963"]
[BlackElo "2102"]
[WhiteClock "00:04:20"]
[BlackClock "00:06:10"]
[PlyCount "74"]
[WhiteFideId "24695084"]
[BlackFideId "12942766"]
[EventCountry "GER"]
[EventRounds "9"]
[EventType "swiss"]
[EventDate "2014.06.07"]

1. e4 e5 2. Nf3 Nc6 3. Bc4 Bc5 4. c3 Nf6 5. d3 a6 6. O-O Ba7 7. Nbd2 d6 8. Bb3
O-O 9. Re1 Ng4 10. Re2 Kh8 11. Nf1 f5 12. Be3 Nxe3 13. Nxe3 f4 14. Nd5 Bg4 15.
Rd2 Ne7 16. Nxe7 Qxe7 17. Bc2 c5 18. Bb3 Rf6 19. Kf1 Raf8 20. Bd5 Rh6 21. h3
Bh5 22. b4 cxb4 23. Rb1 b5 24. Rxb4 g5 25. d4 g4 26. hxg4 Bxg4 27. Ke2 Rh5 28.
Kd3 Rc8 29. Qb3 Bxf3 30. gxf3 Bb6 31. Qa3 exd4 32. cxd4 Rh1 33. Qxa6 Qc7 34.
Be6 Qc3+ 35. Ke2 Re8 36. Qxb5 Rxe6 37. Qxb6 Rxe4+ 0-1

[Event "DEM U14 2014"]
[Site "Magdeburg GER"]
[Date "2014.06.11"]
[Round "6"]
[White "Lagunow, Raphael"]
[Black "Poghosyan, Tigran"]
[Result "1-0"]
[Termination "normal"]
[Board "6"]
[WhiteElo "2066"]
[BlackElo "2026"]
[WhiteClock "00:55:44"]
[BlackClock "00:54:09"]
[PlyCount "49"]
[WhiteFideId "24652644"]
[BlackFideId "12909319"]
[EventCountry "GER"]
[EventRounds "9"]
[EventType "swiss"]
[EventDate "2014.06.07"]

1. Nf3 Nf6 2. g3 g6 3. Bg2 Bg7 4. c4 d5 5. cxd5 Nxd5 6. d4 O-O 7. O-O c5 8.
dxc5 Na6 9. Ng5 Ndb4 10. Nc3 Nxc5 11. Be3 Nba6 12. Rc1 h6 13. Nge4 Qa5 14. Nxc5
Nxc5 15. b4 Qa3 16. Nb1 Qxa2 17. Bxc5 Bf5 18. e4 Be6 19. Nc3 Qa3 20. Nb5 Qa2
21. Qc2 Qxc2 22. Rxc2 Bb3 23. Rcc1 Bf6 24. Nc7 Rac8 25. Nd5 1-0

[Event "DEM U14 2014"]
[Site "Magdeburg GER"]
[Date "2014.06.11"]
[Round "6"]
[White "Nothnagel, Marian Can"]
[Black "Höglauer, Patrick"]
[Result "1/2-1/2"]
[Termination "normal"]
[Board "7"]
[WhiteElo "1790"]
[BlackElo "2069"]
[WhiteClock "00:36:19"]
[BlackClock "00:27:23"]
[PlyCount "49"]
[WhiteFideId "12921530"]
[BlackFideId "1270548"]
[EventCountry "GER"]
[EventRounds "9"]
[EventType "swiss"]
[EventDate "2014.06.07"]

1. e4 c5 2. Nc3 Nc6 3. Bb5 Nd4 4. Bc4 e6 5. Nf3 Ne7 6. Nxd4 cxd4 7. Ne2 Nc6 8.
d3 b5 9. Bb3 Bc5 10. O-O Na5 11. Ng3 Nxb3 12. axb3 h5 13. f4 h4 14. Nh1 g6 15.
Nf2 f5 16. Bd2 Bb7 17. Qe1 Qc7 18. c3 h3 19. g3 fxe4 20. dxe4 Qc6 21. cxd4 Bxd4
22. Bc3 Bxf2+ 23. Rxf2 O-O 24. Re2 e5 25. Bxe5 1/2-1/2

[Event "DEM U14 2014"]
[Site "Magdeburg GER"]
[Date "2014.06.11"]
[Round "6"]
[White "Gungl, Theo"]
[Black "Ramien, David"]
[Result "1-0"]
[Termination "normal"]
[Board "8"]
[WhiteElo "2066"]
[BlackElo "1883"]
[WhiteClock "00:28:29"]
[BlackClock "00:39:00"]
[PlyCount "87"]
[WhiteFideId "24695653"]
[BlackFideId "12948241"]
[EventCountry "GER"]
[EventRounds "9"]
[EventType "swiss"]
[EventDate "2014.06.07"]

1. e4 e5 2. Nf3 Nc6 3. Bb5 g6 4. d4 exd4 5. Bg5 f6 6. Bf4 Bg7 7. O-O Nge7 8.
Nxd4 f5 9. e5 O-O 10. Nf3 h6 11. h4 a6 12. Bc4+ Kh7 13. a3 b5 14. Ba2 d6 15.
exd6 cxd6 16. c3 Ne5 17. Nd4 Qb6 18. Qe2 Bd7 19. Be6 N7c6 20. Bxe5 Nxe5 21.
Bxd7 Nxd7 22. Rd1 Nc5 23. b4 Ne4 24. Ne6 Rfe8 25. Nxg7 Kxg7 26. Qf3 Rac8 27.
Ra2 Qc7 28. Rc2 Re5 29. g3 d5 30. Nd2 d4 31. c4 Nc3 32. Rxc3 dxc3 33. Qxc3 Kh7
34. Nf3 Re7 35. c5 Rce8 36. Rd6 Re6 37. Qd4 Rxd6 38. cxd6 Qc1+ 39. Kh2 Qc4 40.
Qa7+ Kg8 41. d7 Rd8 42. Ne5 Qe6 43. Qc7 Qe7 44. Nc6 1-0

[Event "DEM U14 2014"]
[Site "Magdeburg GER"]
[Date "2014.06.11"]
[Round "6"]
[White "Martin, Julian"]
[Black "Rätzke von Stoyentin, Steffen"]
[Result "1-0"]
[Termination "normal"]
[Board "9"]
[WhiteElo "1952"]
[BlackElo "1882"]
[PlyCount "65"]
[WhiteFideId "12941000"]
[BlackFideId "12907502"]
[EventCountry "GER"]
[EventRounds "9"]
[EventType "swiss"]
[EventDate "2014.06.07"]

1. e4 e5 2. Nf3 Nc6 3. Nc3 Nf6 4. d4 exd4 5. Nxd4 Bb4 6. Nxc6 bxc6 7. Bd3 d5 8.
exd5 O-O 9. O-O cxd5 10. Bg5 c6 11. h3 Rb8 12. Qf3 Bd6 13. Rab1 Be6 14. Rfe1 h6
15. Bh4 Rb4 16. Bxf6 Qxf6 17. Qxf6 gxf6 18. Ne2 Rfb8 19. b3 c5 20. c3 R4b6 21.
Bc2 Ra6 22. Ra1 f5 23. f4 Bf8 24. a4 Bg7 25. Rad1 Rc6 26. Rf1 a5 27. Rb1 c4 28.
bxc4 Rxb1 29. Rxb1 Rxc4 30. Rb8+ Kh7 31. g4 Bd7 32. Rd8 Rc7 33. Rxd7 1-0

[Event "DEM U14 2014"]
[Site "Magdeburg GER"]
[Date "2014.06.11"]
[Round "6"]
[White "Stein, Robert"]
[Black "Tiedemann, Fin Niklas"]
[Result "1-0"]
[Termination "normal"]
[Board "10"]
[WhiteElo "1891"]
[BlackElo "1618"]
[PlyCount "109"]
[WhiteFideId "12921084"]
[BlackFideId "12936936"]
[EventCountry "GER"]
[EventRounds "9"]
[EventType "swiss"]
[EventDate "2014.06.07"]

1. e4 e5 2. Nf3 Nc6 3. d4 exd4 4. Nxd4 Nf6 5. Nxc6 bxc6 6. Qe2 Qe7 7. Nc3 d5 8.
exd5 cxd5 9. Nb5 Qxe2+ 10. Bxe2 Bb4+ 11. c3 Ba5 12. Bf4 Kd7 13. Nd4 c6 14.
O-O-O Bc7 15. Be3 Bb6 16. Rhe1 Kc7 17. h3 Re8 18. Kb1 Be6 19. c4 Ba5 20. Rf1
Bb6 21. c5 Bxc5 22. Nb5+ cxb5 23. Rc1 a6 24. Rxc5+ Kd6 25. Rfc1 Rec8 26. Bd3
Rxc5 27. Bxc5+ Kd7 28. Bd4 Rd8 29. f3 Rc8 30. Rxc8 Kxc8 31. Bxf6 gxf6 32. Bxh7
f5 33. g4 fxg4 34. fxg4 Kd7 35. Kc2 Ke7 36. Kd3 Kf6 37. Kd4 Kg5 38. Bd3 Kf4 39.
b4 Kg3 40. Ke5 Kh4 41. a3 Kg5 42. Bc2 Kh4 43. Kf6 d4 44. Ke5 Kxh3 45. g5 Bc4
46. Kxd4 Kg4 47. g6 f5 48. g7 Kf4 49. Kc3 Bg8 50. Bb3 Bh7 51. Kd4 Kf3 52. g8=Q
Bxg8 53. Bxg8 Ke2 54. Kc5 Kd3 55. Kb6 1-0

[Event "DEM U14 2014"]
[Site "Magdeburg GER"]
[Date "2014.06.11"]
[Round "6"]
[White "Bergauz, Noam"]
[Black "Niermann, Tristan"]
[Result "1-0"]
[Termination "normal"]
[Board "11"]
[WhiteElo "2147"]
[BlackElo "1819"]
[PlyCount "63"]
[WhiteFideId "12938033"]
[BlackFideId "12990698"]
[EventCountry "GER"]
[EventRounds "9"]
[EventType "swiss"]
[EventDate "2014.06.07"]

1. e4 e5 2. Nf3 Nc6 3. Bc4 Nf6 4. d3 Bc5 5. c3 a6 6. Bb3 d6 7. Nbd2 O-O 8. h3
h6 9. Nf1 d5 10. Qe2 dxe4 11. dxe4 Nh5 12. g3 Nf6 13. g4 a5 14. Ng3 b6 15. g5
hxg5 16. Bxg5 Be7 17. Rd1 Qe8 18. Ba4 Ba6 19. Bb5 Bxb5 20. Qxb5 Nd4 21. Qd3
Nxf3+ 22. Qxf3 Nh7 23. Bxe7 Qxe7 24. Nf5 Qe6 25. Qg4 g6 26. Nh6+ Kg7 27. Qxe6
fxe6 28. Ng4 Ng5 29. Nxe5 Rad8 30. Rxd8 Rxd8 31. Rg1 Kf6 32. Rxg5 1-0

[Event "DEM U14 2014"]
[Site "Magdeburg GER"]
[Date "2014.06.11"]
[Round "6"]
[White "Piskaykin, Bogdan"]
[Black "Fieberg, Samuel"]
[Result "0-1"]
[Termination "normal"]
[Board "12"]
[WhiteElo "1672"]
[BlackElo "1978"]
[PlyCount "96"]
[WhiteFideId "12941212"]
[BlackFideId "12901717"]
[EventCountry "GER"]
[EventRounds "9"]
[EventType "swiss"]
[EventDate "2014.06.07"]

1. d4 d5 2. Bg5 Nf6 3. Bxf6 exf6 4. e3 Bd6 5. c4 dxc4 6. Bxc4 O-O 7. Nc3 c6 8.
Nf3 Bg4 9. h3 Bh5 10. Qc2 Bg6 11. Bd3 Bxd3 12. Qxd3 Na6 13. a3 Rc8 14. O-O Qd7
15. e4 c5 16. d5 c4 17. Qe2 Rfe8 18. Nd2 f5 19. Nxc4 fxe4 20. Nxd6 Qxd6 21.
Rfe1 f5 22. Rad1 Nc5 23. Nb5 Qd7 24. Nxa7 Ra8 25. Qc4 Nd3 26. d6+ Kh8 27. Qc7
Red8 28. Qxd7 Rxd7 29. Re2 Rxd6 30. Nb5 Rb6 31. a4 h6 32. b3 Nf4 33. Red2 Rg6
34. Rd8+ Rxd8 35. Rxd8+ Kh7 36. Nd6 Nxg2 37. Nxb7 f4 38. Rd6 Rg5 39. Kf1 Nh4
40. Re6 Nf3 41. Rxe4 Nd2+ 42. Ke2 Nxe4 43. a5 Nc5 44. b4 Nxb7 45. a6 Nd6 46.
Kf3 Nb5 47. Kxf4 Na7 48. h4 Rb5 0-1

[Event "DEM U14 2014"]
[Site "Magdeburg GER"]
[Date "2014.06.11"]
[Round "6"]
[White "Reuker, Jari"]
[Black "Nguyen, Huy Dat"]
[Result "1-0"]
[Termination "normal"]
[Board "13"]
[WhiteElo "1867"]
[BlackElo "1921"]
[PlyCount "145"]
[WhiteFideId "12909300"]
[BlackFideId "12923486"]
[EventCountry "GER"]
[EventRounds "9"]
[EventType "swiss"]
[EventDate "2014.06.07"]

1. e4 c5 2. Nf3 g6 3. d4 cxd4 4. Nxd4 Bg7 5. c4 Nc6 6. Be3 Nf6 7. Nc3 O-O 8.
Be2 d6 9. O-O Bd7 10. f3 a5 11. b3 Nxd4 12. Bxd4 Bc6 13. Qd2 Nd7 14. Bxg7 Kxg7
15. Rab1 Nc5 16. Rfc1 Qb6 17. Kh1 Ne6 18. a3 Rfc8 19. Qb2 Kg8 20. b4 axb4 21.
axb4 Nf4 22. Bf1 e6 23. Qd2 Nh5 24. Qxd6 Rd8 25. Qe5 Qe3 26. Re1 Qh6 27. Rbd1
Rf8 28. b5 Be8 29. Kg1 Ra3 30. Qd4 Qg5 31. e5 f5 32. exf6 Nxf6 33. Kh1 Nh5 34.
Ne4 Qh6 35. Qd6 Ra2 36. Qxe6+ Bf7 37. Qh3 Qg7 38. Ng5 Kh8 39. Nxf7+ Qxf7 40.
Rd7 Qf6 41. Rxb7 Ra1 42. Qd7 Ng7 43. Rxa1 Qxa1 44. Kg1 Ra8 45. b6 Qe5 46. Qxg7+
Qxg7 47. Rxg7 Kxg7 48. c5 Rb8 49. Ba6 Kf6 50. c6 Rxb6 51. c7 Rxa6 52. c8=Q Re6
53. Qh8+ Kg5 54. Qxh7 Ra6 55. Qe7+ Kh6 56. Qe3+ Kh7 57. h4 Ra5 58. g4 Ra8 59.
Kg2 Rf8 60. Kg3 Rf7 61. f4 Kg7 62. Qe5+ Kh7 63. h5 gxh5 64. Qxh5+ Kg7 65. g5
Kg8 66. g6 Rd7 67. Kg4 Re7 68. Qd5+ Kg7 69. Kg5 Ra7 70. Qd4+ Kf8 71. Qxa7 Ke8
72. g7 Kd8 73. g8=R# 1-0

[Event "DEM U14 2014"]
[Site "Magdeburg GER"]
[Date "2014.06.11"]
[Round "6"]
[White "Schnabel, Bennett"]
[Black "Herbrig, Alexander"]
[Result "1/2-1/2"]
[Termination "normal"]
[Board "14"]
[WhiteElo "1715"]
[BlackElo "1886"]
[PlyCount "93"]
[WhiteFideId "12943290"]
[BlackFideId "12952044"]
[EventCountry "GER"]
[EventRounds "9"]
[EventType "swiss"]
[EventDate "2014.06.07"]

1. e4 c5 2. Nf3 e6 3. d4 cxd4 4. Nxd4 a6 5. Nc3 Qc7 6. Bd3 Nf6 7. O-O Nc6 8.
Nxc6 bxc6 9. f4 d5 10. Qf3 Bb7 11. f5 e5 12. Kh1 Be7 13. Bg5 d4 14. Ne2 c5 15.
Bxf6 Bxf6 16. Bc4 Bc6 17. b3 Ra7 18. Rg1 Qe7 19. g3 Kd7 20. c3 Rc8 21. h4 Ke8
22. Kh2 Qb7 23. Bd3 a5 24. Rab1 Ke7 25. Rgc1 Qa8 26. Kh3 Kd7 27. g4 Be7 28. Ng3
Qb7 29. g5 f6 30. Qh5 h6 31. gxh6 gxh6 32. Qf7 Rf8 33. Qe6+ Kd8 34. cxd4 exd4
35. Nh5 Bd7 36. Qc4 Qb8 37. Rg1 Qe5 38. Rb2 Bd6 39. Rbg2 Kc7 40. Qc2 Kb6 41.
Rg4 Be8 42. Nf4 Bf7 43. Ng6 Bxg6 44. Rxg6 Qf4 45. Qe2 h5 46. a4 Re7 47. Rf1
1/2-1/2

[Event "DEM U14 2014"]
[Site "Magdeburg GER"]
[Date "2014.06.11"]
[Round "6"]
[White "Gutschenreiter, Dorian"]
[Black "Muckle, Julius"]
[Result "0-1"]
[Termination "normal"]
[Board "15"]
[WhiteElo "1855"]
[BlackElo "1938"]
[PlyCount "61"]
[WhiteFideId "12956996"]
[BlackFideId "12942430"]
[EventCountry "GER"]
[EventRounds "9"]
[EventType "swiss"]
[EventDate "2014.06.07"]

1. e4 e6 2. d4 d5 3. Nd2 dxe4 4. Nxe4 Bd7 5. Nf3 Bc6 6. Bd3 Nd7 7. O-O Ngf6 8.
Ng3 Be7 9. Re1 Bxf3 10. Qxf3 c6 11. c3 O-O 12. Bf4 Nd5 13. Bd2 N7f6 14. Ne4
Nxe4 15. Qxe4 Nf6 16. Qe2 Qc7 17. Rad1 Rad8 18. Bc1 Rd7 19. Bc2 Rfd8 20. h3 b5
21. Qf3 b4 22. Ba4 Rd5 23. Bf4 Bd6 24. c4 Rf5 25. Bxd6 Rxd6 26. Qe3 Rd8 27. Bb3
h6 28. Bc2 Rg5 29. Ba4 Nh5 30. g3 Nxg3 31. fxg3 0-1